Странствуванията на Чайлд Харолд (Запис номер 88478)
[ съкратено ]
| 000 -Лидер | |
|---|---|
| Контролно поле с фиксирана дължина | 01307nam a2200301 c 4500 |
| 003 - Код на организацията, давaща контролен номер | |
| Контролно поле | BLK |
| 005 - Дата и час на последна редакция | |
| Контролно поле | 20230928111201.0 |
| 008 - Елементи от данни с фиксирана дължина | |
| fixed length control field | 180408b bul|||||r ||||||| ||bul|| |
| 010 ## - Наследен системен номер | |
| LC control number | KNG00093146000 |
| 040 ## - Източник на каталожния запис | |
| Идентификатор на билиотеката - собственик на записа | BLK |
| 041 ## - Код за език | |
| Код за езика на текст/звукозапис или на отделно заглавие | Български |
| Код за езика КДБФ | Български |
| 080 ## - УДК | |
| Текстов определител УДК | Английска литература |
| УДК код - определител по УДК | 821.111 |
| УДК определител | -1 |
| УДК - код + определител | 821.111-1 |
| 100 1# - Редна дума - Автор | |
| Автор | Байрон, Джордж Гордън Ноуъл |
| Авторска отговорност | първи автор |
| R(LIN) | 367011 |
| 139 ## - Редно поле | |
| Редна дума | Байрон, Джордж Гордън Ноуъл |
| Авторски знак | Баир - Б 15 |
| 245 10 - Сведения за заглавието | |
| Заглавие | Странствуванията на Чайлд Харолд |
| Подзаглавни данни | Поема |
| Редно поле (дума) | Джордж Гордън Ноуъл Байрон; прев. в стихове Димитър Статков; ил. Борис Димитров Ангелушев. |
| 257 ## - Страна на издаване | |
| Страна на създаване/издаване | Великобритания |
| 260 ## - Област на издателските данни | |
| -- | София |
| Име на издателя, разпространителя и проч. | Нар. култура |
| Година на издаване | 1958 |
| Печатница | София : Д. Благоев |
| 300 ## - Физическа характеристика | |
| Страници | 280 с.; ил. |
| Размери/Мащаб | 37 см |
| 380 ## - Жанр | |
| Жанр | Худож. лит. |
| 700 1# - Други автори (авторска отговорност) | |
| Лично име | Статков, Димитър |
| Автороска отговорност (Описва отношението между автора и произведението) | прев. в стихове |
| 9 (RLIN) | 373262 |
| 700 1# - Други автори (авторска отговорност) | |
| Лично име | Ангелушев, Борис Димитров |
| Автороска отговорност (Описва отношението между автора и произведението) | ил. |
| 9 (RLIN) | 365105 |
| 852 ## - Местоположение | |
| Форматна сигнатура | Цб ІІ 85 |
| 856 4# - Електронен адрес и достъп | |
| Електронен формат | pdf - файл |
| Път до файла /url/ | |
| 856 4# - Електронен адрес и достъп | |
| Електронен формат | pdf - файл |
| Път до файла /url/ | |
| 942 ## - АРТИКУЛИ | |
| Вид на библиотечния материал | Книги |
| Скрит в OPAC | Не |
| Koha issues (borrowed), all copies | 4 |
| 944 ## - СЪЗДАВАНЕ И РЕДАКЦИЯ на ЗАПИСА | |
| Създаване/Редакция | Създаване |
| Дата на регистрацията/редакция | 03.04.2012 |
| Служител, извършил регистрацията/редакцията | 30576 |
| Статус, дата на статуса | Цветомила Тодорова |
| 944 ## - СЪЗДАВАНЕ И РЕДАКЦИЯ на ЗАПИСА | |
| Създаване/Редакция | Редакция |
| Дата на регистрацията/редакция | 28.02.2018 |
| Служител, извършил регистрацията/редакцията | Теодора_Стоянова |
| 999 ## - СИСТЕМНИ КОНТРОЛНИ НОМЕРА | |
| Koha biblionumber | 88478 |
| Koha biblioitemnumber | 88478 |
| Код за отписване | Код за изгубен артикул | Източник на класификационната схема | Код за повреда | Коз за рестрикции | Код за отдаване | Артикулен № | Име на библиотеката - собственик | Име на библиотеката, в която се намира в момента | Статус (Текущо местоположение) | Дата на вписване в системата | Местоположение - отдел | Цена в лева | Инвентарен номер | Систематично азбучна сигнатура | Баркод | Номер на екземпляра | Цена в евро | Служебна бележка | Служебен тип на артикула |
|---|---|---|---|---|---|---|---|---|---|---|---|---|---|---|---|---|---|---|---|
| Не е изгубен | Universal Decimal Classification | Не е повреден | без рестрикции | заемане за дома | 143478 | Регионална библиотека "Любен Каравелов" Русе | Регионална библиотека "Любен Каравелов" Русе | Хранилище | 1958-01-01 | Хранилище | 1.78 | 1263/59 | Цб ІІ 85 | 900000103129 | 1 | 0.91 | N: стар фонд Дата: 01.01.1958 Дата инв: 01.03.2018 Бележки инв: П2018 | Книги | |
| Изтеглен | Не е изгубен | Universal Decimal Classification | Не е повреден | без рестрикции | заемане за дома | 143479 | Регионална библиотека "Любен Каравелов" Русе | Регионална библиотека "Любен Каравелов" Русе | Заемна - подръчен фонд | 1958-01-01 | Заемна - подръчен фонд | 0.00 | 1261/59 | П 820-1/Б 15 | 1261/59 | 2 | 0.00 | N: стар фонд Дата: 01.01.1958 | Книги |
| Изтеглен | Не е изгубен | Universal Decimal Classification | Не е повреден | без рестрикции | заемане за дома | 143480 | Регионална библиотека "Любен Каравелов" Русе | Регионална библиотека "Любен Каравелов" Русе | Заемна - подръчен фонд | 1958-01-01 | Заемна - подръчен фонд | 0.00 | 1260/59 | П 820-1/Б 15 | 1260/59 | 3 | 0.00 | N: стар фонд Дата: 01.01.1958 | Книги |
| Изтеглен | Не е изгубен | Universal Decimal Classification | Не е повреден | без рестрикции | заемане за дома | 143481 | Регионална библиотека "Любен Каравелов" Русе | Регионална библиотека "Любен Каравелов" Русе | Заемна - подръчен фонд | 1958-01-01 | Заемна - подръчен фонд | 0.00 | 543/59 | П 820-1/Б 15 | 543/59 | 4 | 0.00 | N: стар фонд Дата: 01.01.1958 | Книги |
| Изтеглен | Не е изгубен | Universal Decimal Classification | Не е повреден | само за читалня | ползва се в читалня | 143482 | Регионална библиотека "Любен Каравелов" Русе | Регионална библиотека "Любен Каравелов" Русе | Хранилище | 1958-01-01 | Основен фонд - ползва се само за читалня | 1.00 | 5135/61 | Цб ІІ 85 | 900000035669 | 5 | 0.51 | N: стар фонд Дата: 01.01.1958 | Книги |